2024 Olympics biggest delegations - Statistics

General Stats
  • This quiz has been taken 65 times
  • The average score is 27 of 33
Answer Stats
Hint Answer % Correct
592 United States of America
100%
573 France
97%
428 Germany
97%
388 China
95%
327 Great Britain
95%
403 Japan
95%
460 Australia
94%
382 Spain
92%
276 Brazil
90%
315 Canada
90%
372 Italy
90%
107 Mexico
90%
136 Argentina
89%
117 Sweden
87%
258 Netherlands
86%
141 South Korea
86%
107 Norway
84%
211 Poland
84%
100 Greece
83%
112 India
83%
166 Belgium
81%
102 Turkey
79%
195 New Zealand
78%
124 Denmark
76%
107 Romania
76%
170 Hungary
73%
127 Switzerland
73%
148 Egypt
71%
149 South Africa
71%
112 Czech Republic
67%
140 Ukraine
63%
112 Serbia
60%
134 Ireland
57%
No matching quizzes found
Score Distribution
Percent of People with Each Score
Percentile by Number Answered
Your Score History
You have not taken this quiz